[Event "Oberfranken-ch U14 0910"]
[Site "Schney"]
[Date "2010.01.06"]
[Round "7"]
[White "Funk, Adrian"]
[Black "Schulz, Lukas"]
[Result "0-1"]
[WhiteElo "859"]
[BlackElo "1611"]
[PlyCount "74"]
[EventDate "2010.01.03"]
[EventType "swiss"]
[EventRounds "7"]
[EventCountry "GER"]
[SourceTitle "EXT 2015"]
[Source "ChessBase"]
[SourceDate "2014.11.20"]
[SourceVersion "1"]
[SourceVersionDate "2014.11.20"]
[SourceQuality "1"]

1. e4 e5 2. Nf3 Nc6 3. Bc4 Nf6 4. d3 Bc5 5. Bg5 d6 6. h3 Be6 7. Nc3 Qd7 8. Qd2 Nd4 9. Nxd4 Bxd4 10. 0-0-0 Bxc4 11. dxc4 Bxc3 12. Qxc3 Nxe4 13. Qe3 Nxg5 14. Qxg5 f6 15. Qe3 0-0 16. Qe4 Qc6 17. Qg4 f5 18. Qf3 Qxf3 19. gxf3 Rf6 20. Rhg1 Rg6 21. Rxg6 hxg6 22. Rg1 Kf7 23. Kd2 Rh8 24. Rh1 g5 25. Ke3 g4 26. h4 gxf3 27. Kxf3 g5 28. h5 Kf6 29. b4 g4+ 30. Kg3 Kg5 31. a4 Rxh5 32. Rxh5+ Kxh5 33. f3 gxf3 34. Kxf3 e4+ 35. Ke3 Kg4 36. a5 Kg3 37. b5 f4+ 0-1

[Event "Oberfranken-ch U14 0910"]
[Site "Schney"]
[Date "2010.01.05"]
[Round "6"]
[White "Betz, Daniel"]
[Black "Funk, Adrian"]
[Result "1-0"]
[WhiteElo "917"]
[BlackElo "859"]
[PlyCount "119"]
[EventDate "2010.01.03"]
[EventType "swiss"]
[EventRounds "7"]
[EventCountry "GER"]
[SourceTitle "EXT 2015"]
[Source "ChessBase"]
[SourceDate "2014.11.20"]
[SourceVersion "1"]
[SourceVersionDate "2014.11.20"]
[SourceQuality "1"]

1. e4 e5 2. Nf3 Nc6 3. Nc3 Bc5 4. Bc4 d6 5. 0-0 Bg4 6. d3 Nd4 7. Rb1 Qd7 8. Bb5 c6 9. Bc4 Nxf3+ 10. gxf3 Bh3 11. Re1 Nf6 12. Kh1 Bxf2 13. Re2 Bd4 14. Be3 Bxe3 15. Rxe3 d5 16. exd5 Nxd5 17. Bxd5 cxd5 18. Rxe5+ Kf8 19. Qg1 Re8 20. Rxd5 Qc8 21. Qg3 f6 22. Rg1 g6 23. Qf4 Qe6 24. Rd6 Qe5 25. Rxf6+ Kg7 26. Ne4 Qxf4 27. Rxf4 Rhf8 28. Rh4 Bf5 29. Nd6 Re7 30. b3 Re2 31. Rc4 Be6 32. Rc7+ Kg8 33. f4 Rxf4 34. Re7 Bd5+ 35. Ne4 Bxe4+ 36. dxe4 Rfxe4 37. Rxb7 Rxc2 38. Rd1 Kf8 39. Rxa7 Re7 40. Rf1+ Ke8 41. Ra8+ Kd7 42. b4 Rc8 43. Rd1+ Kc7 44. Rc1+ Kb7 45. Rcxc8 Re1+ 46. Kg2 Re2+ 47. Kf1 Rxh2 48. Rab8+ Ka7 49. b5 h5 50. a4 h4 51. a5 g5 52. Rb6 h3 53. Rg6 Kb7 54. Rh8 Rh1+ 55. Kf2 Rc1 56. a6+ Ka7 57. Rh7+ Kb8 58. b6 Rc2+ 59. Kg3 Rc3+ 60. Kf2 1-0

[Event "Oberfranken-ch U14 0910"]
[Site "Schney"]
[Date "2010.01.03"]
[Round "1"]
[White "Funk, Adrian"]
[Black "Greger, Matthias"]
[Result "0-1"]
[WhiteElo "859"]
[BlackElo "1569"]
[PlyCount "92"]
[EventDate "2010.01.03"]
[EventType "swiss"]
[EventRounds "7"]
[EventCountry "GER"]
[SourceTitle "EXT 2015"]
[Source "ChessBase"]
[SourceDate "2014.11.20"]
[SourceVersion "1"]
[SourceVersionDate "2014.11.20"]
[SourceQuality "1"]

1. e4 e6 2. Nc3 d5 3. d3 Bb4 4. f3 d4 5. Bd2 dxc3 6. bxc3 Bd6 7. d4 c6 8. Bd3 e5 9. Ne2 Qh4+ 10. g3 Qd8 11. f4 exf4 12. Bxf4 Bxf4 13. Nxf4 Nf6 14. e5 Nd5 15. Nxd5 Qxd5 16. Rf1 Bh3 17. Rf2 Qh1+ 18. Bf1 Bxf1 19. Rxf1 Qxh2 20. Qf3 0-0 21. e6 f6 22. Rh1 Qxc2 23. Qh5 Qg6 24. e7 Re8 25. Qxg6 hxg6 26. Kd2 Rxe7 27. Rae1 Kf7 28. Rxe7+ Kxe7 29. Re1+ Kf7 30. Kd3 Nd7 31. c4 f5 32. d5 cxd5 33. cxd5 Nf6 34. Kd4 Rd8 35. Re5 a5 36. a4 Rxd5+ 37. Rxd5 Nxd5 38. Kxd5 g5 39. Ke5 g6 40. Kd4 f4 41. gxf4 gxf4 42. Ke4 g5 43. Kf3 Ke6 44. Ke4 Kd6 45. Kd4 f3 46. Ke3 g4 0-1